Sports Quiz

Random Sports or NFL Quiz

Most passing touchdowns by first initial Quiz Stats

 Plays Quiz not verified by Sporcle

Score 0/22 Timer 05:00
0 Plays Today
Initial Player % Correct
PPeyton Manning
93.7%
DDan Marino
93.1%
BBrett Favre
91.3%
AArchie Manning
87.2%
JJohn Elway
80.1%
TTom Brady
74.2%
WWarren Moon
70.6%
FFran Tarkenton
69.5%
VVinny Testaverde
55.2%
YY.A. Tittle
55.2%
KKurt Warner
49.3%
Initial Player % Correct
RRandall Cunningham
45.8%
LLen Dawson
29.1%
GGeorge Blanda
26.5%
OOtto Graham
26.2%
QQuincy Carter
25.6%
MMark Brunell
17.1%
SSonny Jurgensen
17.1%
CCraig Morton
6.1%
EEarl Morrall
5.4%
ZZeke Bratkowski
4.3%
NNorm Snead
4.2%

You're not logged in!

Compare scores with friends on all Sporcle quizzes.
OR
Log In

Show Comments

Extras

Top Quizzes Today


Score Distribution

Your Account Isn't Verified!

In order to create a playlist on Sporcle, you need to verify the email address you used during registration. Go to your Sporcle Settings to finish the process.

Report this User

Report this user for behavior that violates our Community Guidelines.

Details: